100 Largest Pennsylvania Municipalities Quiz Stats

 Plays Quiz not verified by Sporcle

Score 0/100 Timer 15:00
0 Plays Today
County Municipality % Correct
PhiladelphiaPhiladelphia
99.1%
AlleghenyPittsburgh
98.1%
ErieErie
97.5%
LehighAllentown
94.8%
LackawannaScranton
91.3%
LancasterLancaster
90%
YorkYork
87.8%
YorkYork Township
87.8%
BerksReading
87.7%
DelawareChester
85.9%
DauphinHarrisburg
85.6%
LuzerneWilkes-Barre
84.2%
NorthamptonBethlehem
81.9%
NorthamptonBethlehem Township
81.9%
BlairAltoona
74.8%
CentreState College
73.3%
NorthamptonEaston
63.6%
LycomingWilliamsport
59%
MontgomeryNorristown
58.1%
CambriaJohnstown
57.6%
LebanonLebanon
56.7%
DelawareUpper Darby
54.9%
CumberlandCarlisle
48.8%
MontgomeryPottstown
46.4%
AlleghenyMonroeville
45%
MontgomeryLower Merion
44.5%
BerksSpring
43.8%
BucksBensalem
43.7%
WestmorelandPenn
42.5%
BucksDoylestown Township
42.4%
FranklinChambersburg
40.5%
BucksBristol
40.4%
DelawareSpringfield
39.8%
MontgomerySpringfield
39.8%
County Municipality % Correct
AlleghenyMcKeesport
39.3%
MontgomeryUpper Merion
39.1%
MontgomeryMontgomery
38.6%
BucksNorthampton
38.2%
MontgomeryAbington
36.8%
AlleghenyPenn Hills
35.9%
LuzerneHazleton
35.8%
DelawareRadnor
35.1%
DelawareHaverford
35%
AlleghenyBethel Park
33.1%
BucksNewtown
32.9%
AlleghenyMount Lebanon
32.4%
AlleghenyMoon
32.2%
BucksMiddletown
31.7%
LawrenceNew Castle
30.9%
ButlerCranberry
30.4%
LancasterManheim
29.3%
MontgomeryHorsham
28.3%
AlleghenyUpper St. Clair
27.9%
AlleghenyPlum
27.5%
BucksWarminster
27.4%
DelawareRidley
26.9%
AlleghenyWest Mifflin
26.8%
LehighLower Macungie
26.6%
LehighUpper Macungie
26%
ErieMillcreek
24.9%
DauphinLower Paxton
24.7%
MontgomeryCheltenham
24.5%
LehighWhitehall
24.2%
BucksWarrington
24.1%
MontgomeryUpper Dublin
23.8%
AlleghenyShaler
23.7%
DelawareMarple
23.2%
WestmorelandHempfield
22.6%
County Municipality % Correct
AlleghenyRoss
22.6%
MontgomeryUpper Providence
22%
BucksFalls
21.9%
DauphinSusquehanna
21.4%
ChesterTredyffrin
21.2%
MontgomeryLower Providence
21.1%
BucksLower Makefield
21%
WestmorelandMurrysville
20.8%
DauphinDerry
20.5%
MontgomeryWhitpain
20%
MontgomeryUpper Moreland
19.3%
ChesterWest Goshen
19%
AlleghenyMcCandless
18.7%
AlleghenyBaldwin
18.6%
BucksBuckingham
18.5%
BucksLower Southampton
18.5%
BerksMuhlenberg
18.4%
DauphinSwatara
17.8%
MonroeCoolbaugh
17.2%
LancasterEast Hempfield
17.1%
WashingtonPeters
17.1%
YorkSpringettsbury
16.3%
WestmorelandUnity
15.9%
WestmorelandNorth Huntington
15.7%
BerksExeter
14.1%
CumberlandHampden
13.1%
LehighSouth Whitehall
13.1%
YorkDover
13%
LancasterManor
12.8%
ChesterUwchlan
12.8%
NorthamptonPalmer
12.4%
CumberlandEast Pennsboro
11.8%

You're not logged in!

Compare scores with friends on all Sporcle quizzes.
OR
Log In

Sporcle TV

Today on Sporcle TV


Watch our educational content, quiz creation guides, and fun videos on Sporcle TV.

Show Comments

Extras

Top Quizzes Today


Score Distribution

Your Account Isn't Verified!

In order to create a playlist on Sporcle, you need to verify the email address you used during registration. Go to your Sporcle Settings to finish the process.

Report this User

Report this user for behavior that violates our Community Guidelines.

Details: